[Event "Wch U18"]
[Site "Szeged"]
[Date "1994.??.??"]
[Round "4"]
[White "Sutovskij, Emil"]
[Black "Vouldis, Angelos"]
[Result "0-1"]
[WhiteElo "2470"]
[BlackElo "2295"]

1.e4 c5 2.Nf3 d6 3.d4 cxd4 4.Nxd4 Nf6 5.Nc3 Nc6 6.Bg5 e6 7.Bb5 Qb6 8.Bxf6 gxf6
9.Nd5 exd5 10.exd5 a6 11.Qe2+ Kd8 12.Nxc6+ bxc6 13.Bxc6 Ra7 14.O-O-O Re7
15.Qf3 f5 16.Qg3 Qb4 17.a3 f4 18.Qh4 Qe4 19.Rhe1 Qf5 20.f3 Rg8 21.Qf2 Re3
22.Rxe3 fxe3 23.Qxe3 Rxg2 24.Ba4 Qg5 25.f4 Qe7 26.Qb6+ Qc7 27.Qd4 Bg4 28.Rd3 Bg7
29.Qe3 Re2 30.Qg1 h5 31.h3 Qa5 32.b4 Qxa4 33.Rb3 Rxc2+ 34.Kxc2 Bf5+ 35.Kd2 Qxb3
36.Qg5+ Ke8 37.Qxf5 Qc3+ 38.Ke2 Qb2+ 39.Kf1 Qc1+ 40.Ke2 Qc4+ 41.Kf3 Qc3+
42.Ke2 h4 43.Qg4 Bf6 44.Qf5 Ke7 45.Qe4+ Kf8 46.Qf5 Bd4 47.Qe4 Qc4+ 48.Kd1 Qb3+
49.Ke2 Qb2+ 50.Kd1 Bc3 51.Qd3 Qxa3 52.Qc4 Qa4+ 53.Kc1 Bxb4 54.Qc8+ Qe8 55.Qxa6 Qe3+
56.Kc2 Qxh3 57.Qa8+ Kg7  0-1

[Event "Wch U18 Girls"]
[Site "Szeged"]
[Date "1994.??.??"]
[Round "6"]
[White "Ciuksyte, Dagne"]
[Black "Grabics, Monika"]
[Result "1-0"]
[WhiteElo "2095"]
[BlackElo "2295"]

1.e4 c5 2.Nf3 Nc6 3.d4 cxd4 4.Nxd4 Nf6 5.Nc3 d6 6.Bg5 e6 7.Qd2 a6 8.O-O-O h6
9.Be3 Bd7 10.f3 b5 11.g4 Rc8 12.Kb1 Na5 13.a3 Nc4 14.Bxc4 Rxc4 15.h4 b4 16.axb4 Rxb4
17.g5 Nh5 18.g6 f6 19.Nd5 Rb7 20.Nb3 Qb8 21.Rhg1 Bc6 22.Qc3 Ba4 23.Na5 Rd7
24.Rd4 Bb5 25.Qb3 Qd8 26.Nc4 exd5 27.Rxd5 f5 28.Rxf5 Nf6 29.Nb6 Rb7 30.e5 Qe7
31.exf6 Qxe3 32.Qxe3+ Kd8 33.f7 Be7 34.Re1  1-0

[Event "ISR-ch"]
[Site "Tel Aviv"]
[Date "1994.??.??"]
[Round "4"]
[White "Stisis, Yaacov"]
[Black "Rechlis, Gad"]
[Result "0-1"]
[WhiteElo "2400"]
[BlackElo "2510"]

1.e4 c5 2.Nf3 d6 3.d4 cxd4 4.Nxd4 Nf6 5.Nc3 Nc6 6.Bg5 e6 7.Qd2 a6 8.O-O-O h6
9.Be3 Nxd4 10.Bxd4 b5 11.f3 Qa5 12.Bxf6 gxf6 13.Kb1 b4 14.Ne2 Qc5 15.Nd4 h5
16.f4 Bb7 17.Nb3 Qb6 18.e5 fxe5 19.fxe5 Rd8 20.exd6 Bxd6 21.Bd3 Rg8 22.Qe2 Rg5
23.h4 Re5 24.Qf1 Ke7 25.Nd2 Qc6 26.Rg1 Rg8 27.Nc4 Rd5 28.b3 Bc5 29.Rh1 Qc7
30.Rh3 Rd4 31.Ne3 Rf4 32.Qe2 Bxe3 33.Rxe3 Rxh4 34.Be4 Bxe4 35.Rxe4 Rxe4 36.Qxe4 Rg4
37.Qe2 a5 38.Rd5 Qc6 39.Rxh5 Rxg2 40.Qd3 Qc3 41.Qxc3 bxc3 42.a3 Rg1+ 43.Ka2 Rc1
44.Rh2 Kd6 45.b4 a4 46.b5 Rd1 47.Rh4 Rd2 48.Kb1 Rd5 49.Rb4 Kc7 50.Ka2 Kb6
51.Rxa4 Rxb5 52.Rb4 Rxb4 53.axb4 f5 54.Kb3 Kb5 55.Kxc3 f4  0-1

[Event "ISR-ch"]
[Site "Tel Aviv"]
[Date "1994.??.??"]
[Round "7"]
[White "Gurevich, Gregory"]
[Black "Mashian, Yaacov"]
[Result "1-0"]
[WhiteElo "2350"]
[BlackElo "2205"]

1.e4 c5 2.Nf3 d6 3.d4 cxd4 4.Nxd4 Nf6 5.Nc3 Nc6 6.Bg5 e6 7.Qd2 a6 8.O-O-O Bd7
9.f3 Be7 10.h4 O-O 11.g4 Nxd4 12.Qxd4 Qa5 13.Kb1 Rac8 14.Be3 Rc6 15.Qd2 Rfc8
16.Nd5 Qxd2 17.Nxe7+ Kf8 18.Bxd2 Kxe7 19.Bd3 e5 20.Bb4 Be6 21.Rh2 Nd7 22.Rhd2 Nc5
23.Be2 Rd8 24.b3 b5 25.Kb2 Rdc8 26.Bf1 Nb7 27.Kb1 a5 28.Ba3 b4 29.Bc1 Nc5
30.a3 Rb6 31.axb4 axb4 32.Rg2 Ra8 33.Bd2 Bc8 34.Rg1 Be6 35.Kb2 Rb7 36.Be2 Rab8
37.Rge1 Bd7 38.Bc4 Be6 39.Bf1 Bd7 40.Be3 Be6 41.Ra1 Rc7 42.Red1 Bd7 43.Ra5 Rbc8
44.Rd2 Nb7 45.Ra7 Nc5 46.Ra1 Be6 47.Rad1 Nd7 48.Ba6 Ra8 49.Rxd6 Rc3 50.Bg1 Rxf3
51.Bb5 Nf6 52.Bc5 Nxe4 53.Bxb4 Nxd6 54.Bxd6+ Kf6 55.g5+ Kf5 56.Bc6 Rf4 57.Bxa8 Rxh4
58.c4 Bxc4 59.bxc4 Rxc4 60.Rf1+ Ke6 61.Rxf7 Kxd6 62.Rxg7 Rg4 63.Bf3 Rh4 64.Bd1 e4
65.Bb3 e3 66.Kc2 Ke5 67.Bg8 h6 68.Re7+ Kf5 69.gxh6 Rxh6 70.Rxe3 Kf4 71.Re7 Rh8
72.Bc4 Rd8 73.Kc3 Kf5 74.Re1 Kf4 75.Be6 Rd6 76.Kc4 Rd2 77.Bd5 Rf2 78.Re8 Rd2
79.Be4 Ra2 80.Bd3 Ra1 81.Kd4 Ra4+ 82.Bc4 Kg5 83.Rf8 Kg6 84.Kd5 Ra5+ 85.Ke6 Kg5
86.Bd5 Ra1 87.Ke5 Kg4 88.Rg8+ Kh4 89.Kf4 Kh5 90.Rg2 Rf1+ 91.Bf3+ Kh6 92.Rg3 Ra1
93.Ke5 Ra5+ 94.Kf4 Kh7 95.Be4+ Kh8 96.Bf5 Ra1 97.Ke5 Ra6 98.Be6 Ra1 99.Kf6 Rf1+
100.Bf5 Ra1 101.Rh3+ Kg8  1-0

[Event "ISR-ch"]
[Site "Tel Aviv"]
[Date "1994.??.??"]
[Round "8"]
[White "Stisis, Yaacov"]
[Black "Zoler, Dan"]
[Result "1/2-1/2"]
[WhiteElo "2400"]
[BlackElo "2420"]

1.e4 c5 2.Nf3 d6 3.d4 cxd4 4.Nxd4 Nf6 5.Nc3 Nc6 6.Bg5 e6 7.Qd2 a6 8.O-O-O h6
9.Be3 Nxd4 10.Bxd4 b5 11.f3 Qa5 12.Kb1 b4 13.Bxf6 gxf6 14.Ne2 Qc5 15.Qd4 Qxd4
16.Rxd4 a5 17.c3 f5 18.cxb4 fxe4 19.fxe4 axb4 20.Ng3 Rb8 21.Be2 Ke7 22.Rhd1 Rb6
23.Rc4 Bg7 24.Rc7+ Bd7 25.Bh5 b3 26.a3 Rc8 27.Rxc8 Bxc8 28.Rf1 Bf6 29.Bd1 Bb7
30.Re1 Bg5 31.Nf1 Kf6 32.g3 Ke7 33.h4 Bf6 34.Nd2 Bd4 35.g4 Bf2 36.Re2 Bxh4
37.Bxb3 Bg5 38.Bc2 Ba6 39.Rg2 Bf6 40.b4 Rc6 41.Rg3 Rc3 42.Rxc3 Bxc3 43.Kc1 Be2
44.Nb1 Be5 45.Bd1 Bd3 46.Bc2 Be2 47.Bd1 Bd3 48.Bc2 Bf4+ 49.Kd1 Bf1 50.Ke1 Bh3
51.Bd1 Bg3+ 52.Kd2 Bf4+ 53.Kd3 f5 54.gxf5 exf5 55.Nc3 Ke6 56.exf5+ Bxf5+
57.Kc4 Ke5 58.Bf3 Be6+ 59.Bd5 Bh3 60.b5 Bf1+ 61.Kb4 Kd4 62.b6 Ba6 63.Ka5 Bc8
64.Be6 Kxc3 65.Bxc8 Kc4 66.Bg4 d5 67.Be2+ Kc5 68.Ka6 d4 69.a4 Kb4 70.a5 Bb8
71.Bd1 d3 72.Bh5 d2 73.Bd1 Bf4 74.b7 Bc7 75.Bh5 Ka4 76.Bg4 Kb4 77.Bd1 Kc5
78.Ka7 Kb5 79.a6 Ka5 80.Be2 Bf4  1/2-1/2

[Event "ISR-ch"]
[Site "Tel Aviv"]
[Date "1994.??.??"]
[Round "10"]
[White "Liss, Eran"]
[Black "Rechlis, Gad"]
[Result "1/2-1/2"]
[WhiteElo "2480"]
[BlackElo "2510"]

1.e4 c5 2.Nf3 d6 3.d4 cxd4 4.Nxd4 Nf6 5.Nc3 Nc6 6.Bg5 e6 7.Qd2 a6 8.O-O-O Bd7
9.f4 b5 10.Bxf6 gxf6 11.Nxc6 Bxc6 12.Qe3 Qe7 13.Bd3 Qa7 14.Qe1 h5 15.Nd5 O-O-O
16.Nb4 Bb7 17.c3 d5 18.Nc2 dxe4 19.Bxe4 Rxd1+ 20.Kxd1 Bc5 21.Kc1 Rd8 22.Qe2 f5
23.Bf3 Bxf3 24.Qxf3 Qb7 25.Rf1 h4 26.Qe2 Qd5 27.a4 Qc4 28.Qxc4 bxc4 29.Rd1 Rxd1+
30.Kxd1 Kc7 31.Ke2 Kc6 32.Ne1 Kd5 33.Nf3 Be7 34.Ke3 Bc5+ 35.Ke2 Be7 36.Ke3 Bc5+
37.Ke2 Ke4 38.Ne5 Bd6 39.Nxc4 Bxf4 40.h3 Bc7 41.b4 e5 42.a5 Kd5 43.Ne3+ Ke6
44.c4 f4 45.Nd5 Bd6 46.b5 axb5 47.a6 Bc5 48.Nc7+ Kd7 49.Nxb5 Kc6 50.Nc3 f5
51.Kf3 Bd6 52.Nd5 Bc5 53.Nf6 Kd6 54.Ke2 Ke7 55.Nd5+ Kd6 56.Kf3 Kc6 57.Nc3 Bd4
58.Nd5 Bc5 59.Ke2 Kd6 60.Nc3 Kc6 61.Na4 Ba7 62.Nc3  1/2-1/2

[Event "Terrassa op"]
[Site "Terrassa"]
[Date "1994.??.??"]
[Round "2"]
[White "Rodriguez, Amador"]
[Black "Gomez Jurado, Luis Alberto"]
[Result "1-0"]
[WhiteElo "2515"]
[BlackElo "2295"]

1.e4 c5 2.Nf3 Nc6 3.d4 cxd4 4.Nxd4 Nf6 5.Nc3 d6 6.Bg5 e6 7.Qd2 a6 8.O-O-O h6
9.Be3 Bd7 10.f3 b5 11.g4 Nxd4 12.Bxd4 b4 13.Ne2 e5 14.Be3 Qa5 15.Kb1 Be6
16.Nc1 Be7 17.Nb3 Qa4 18.h4 O-O 19.Bh3 Qd7 20.Qg2 Rfc8 21.Nc5 Rxc5 22.Bxc5 a5
23.Be3 g5 24.hxg5 hxg5 25.Qh2 Ne8 26.Bf1 Bf6 27.Bxg5 Kf8 28.Bxf6 Nxf6 29.g5 Ng8
30.Bh3 a4 31.Bxe6 Qxe6 32.Qd2  1-0

[Event "Timisoara"]
[Site "Timisoara"]
[Date "1994.??.??"]
[Round "9"]
[White "Berescu, Alin"]
[Black "Jelic, Goran"]
[Result "1-0"]
[WhiteElo "2255"]
[BlackElo "2295"]

1.e4 c5 2.Nf3 Nc6 3.d4 cxd4 4.Nxd4 Nf6 5.Nc3 d6 6.Bg5 e6 7.Bb5 Bd7 8.Bxc6 bxc6
9.Qf3 h6 10.Bh4 Qb6 11.Nb3 Be7 12.O-O-O a5 13.e5 dxe5 14.Bxf6 gxf6 15.Ne4 f5
16.Nd6+ Bxd6 17.Rxd6 a4 18.Nd2 Qc5 19.Qa3 Qxa3 20.bxa3 Rg8 21.Nc4 Ke7 22.Rhd1 Be8
23.g3 e4 24.Nb6 Rb8 25.Nxa4 f4 26.R6d4 fxg3 27.hxg3 e3 28.fxe3 Rxg3 29.R4d3 h5
30.Nc5 h4 31.Rh1 Rb5 32.Ne4 Rg4 33.Nc3 Rh5 34.e4 c5 35.a4 Bc6 36.a5 f5 37.a6 fxe4
38.Re3 Kd6 39.Kb2 Kc7 40.Ne2 Kb6 41.Ra3 e3 42.Rh3 Rb4+ 43.Kc1 Ra4 44.Raxe3 e5
45.a3 Kxa6 46.Kd2 Bg2 47.Rh2 Bc6 48.Rc3 Kb6 49.Rhh3 Bg2 50.Rh2 h3 51.Rg3 Rf5
52.Kc1 Rf1+ 53.Kb2 Re4 54.Rg6+ Kc7 55.Ng3 Ref4 56.Nxf1 Bxf1 57.Rh6 Rf3 58.Rd2 e4
59.Rd5 e3 60.Rxc5+ Kb7 61.Re5 Kc7 62.Re7+ Kd8 63.Ra7 Rf8 64.Ra8+ Ke7 65.Rh7+ Rf7
66.Ra7+ Kd6 67.Raxf7 e2 68.Rd7+ Kc6 69.Rde7  1-0

[Event "Vantaa op2"]
[Site "Vantaa"]
[Date "1994.??.??"]
[Round "6"]
[White "Kokkila, Tero"]
[Black "Pulkkinen, Kari"]
[Result "1-0"]
[WhiteElo "2235"]
[BlackElo "2360"]

1.e4 c5 2.Nf3 d6 3.d4 cxd4 4.Nxd4 Nf6 5.Nc3 Nc6 6.Bg5 e6 7.Qd2 a6 8.O-O-O Bd7
9.f4 Be7 10.Nf3 b5 11.Bxf6 gxf6 12.f5 Qb6 13.g3 O-O-O 14.Ne2 Qf2 15.Ne1 Ne5
16.b3 Bc6 17.Bg2 Bb7 18.Rf1 Qb6 19.fxe6 fxe6 20.Qd4 Qa5 21.Bh3 Kb8 22.Bxe6 d5
23.exd5 Qxa2 24.Nd3 Nc6 25.Qc3 Nb4 26.Nxb4 Qa3+ 27.Kb1 Bxb4 28.Qa1 Qxa1+
29.Kxa1 Bd6 30.Kb1 h5 31.Rxf6 h4 32.gxh4 Rxh4 33.h3 Be5 34.Rf7 Re4 35.Nc1 Bd6
36.Rd7 Rxd7 37.Bxd7 Kc7 38.Be6 Re3 39.Rf1 Be5 40.Nd3 Bd4 41.Rf7+ Kb6 42.b4 Rg3
43.Rf1 a5 44.bxa5+ Kxa5 45.d6 Rg1 46.Rxg1 Bxg1 47.d7 Bb6 48.Ne5 Kb4 49.Nf7 Kc3
50.d8=Q Bxd8 51.Nxd8 Be4 52.Bb3 Kd4 53.Kb2 Ke5 54.c3 Bg2 55.h4 Kf4 56.Bd1 Bd5
57.Be2 Ke5 58.Bxb5 Kd6 59.h5 Ke7 60.h6 Kf6 61.Bd3  1-0

[Event "Velden op"]
[Site "Velden"]
[Date "1994.??.??"]
[Round "7"]
[White "Stanec, Nikolaus"]
[Black "Kozul, Zdenko"]
[Result "0-1"]
[WhiteElo "2460"]
[BlackElo "2575"]

1.e4 c5 2.Nf3 d6 3.d4 cxd4 4.Nxd4 Nf6 5.Nc3 Nc6 6.Bg5 e6 7.Qd2 a6 8.O-O-O Bd7
9.f4 b5 10.Qe1 Nxd4 11.Rxd4 Qa5 12.Kb1 Bc6 13.Bxf6 gxf6 14.Rd2 Ra7 15.Bd3 b4
16.Nd1 Qc5 17.Qh4 Bg7 18.Re1 h5 19.f5 e5 20.Ne3 Ke7 21.Bf1 Rc7 22.Rd5 Qa7
23.Rdd1 Bh6 24.Qxh5 Bxe3 25.Qxh8 Bxe4 26.Bd3 Bxg2 27.Qg7 Bf3 28.Qg3 Bxd1
29.Rxd1 d5 30.Qg2 Qc5 31.Bf1 e4 32.h4 a5 33.Qe2 a4 34.h5 a3 35.Bg2 axb2 36.Re1 b3  0-1

[Event "LTU-ch  Vilnius"]
[Site "Vilnius"]
[Date "1994.??.??"]
[Round "4"]
[White "Sulskis, Sarunas"]
[Black "Slekys, Emilis"]
[Result "1-0"]
[WhiteElo "2430"]
[BlackElo "2380"]

1.e4 c5 2.Nf3 d6 3.d4 cxd4 4.Nxd4 Nf6 5.Nc3 Nc6 6.Bg5 e6 7.Qd2 a6 8.O-O-O Bd7
9.f4 h6 10.Bh4 g5 11.fxg5 Ng4 12.Nf3 Nge5 13.g6 f6 14.Nxe5 Nxe5 15.g7 Bxg7
16.Qxd6 Qe7 17.Qxe5 fxe5 18.Bxe7 Kxe7 19.Be2 Bc6 20.Rhf1 Bf6 21.Rf3 Bg5+
22.Kb1 Rhf8 23.Rfd3 Rad8 24.Rxd8 Rxd8 25.Rxd8 Kxd8 26.Bf3 a5 27.a3 Ke7 28.b4 axb4
29.axb4 Be3 30.Kb2 Be8 31.Kb3 Bg1 32.h3 Bf2 33.Nd1 Bg1 34.Nb2 b6 35.c3 Kf6
36.Nc4 Bd7 37.Kc2 Ba4+ 38.Kd2 Be8 39.Nd6 Bd7 40.Ke1 Bh2 41.Nc4 Bg3+ 42.Kd2 Bf2
43.Ke2 Bg1 44.Kf1 Bb5 45.Kxg1 Bxc4 46.Kf2 Bb5 47.Ke3 Be8 48.c4 Ke7 49.g4 Kf6
50.h4 Ke7 51.Be2 Kd6 52.Kf3 Ke7 53.Bd3 Kf6 54.b5 Ke7 55.h5 Bd7 56.c5 bxc5
57.b6 Bc8 58.Bc4 Bb7 59.g5 hxg5 60.h6 Kf6 61.Bxe6 Kg6 62.Bd5 Bc8 63.b7 Bxb7
64.Bxb7 c4 65.Bc8 Kxh6 66.Bg4  1-0

[Event "LTU-ch  Vilnius"]
[Site "Vilnius"]
[Date "1994.??.??"]
[Round "13"]
[White "Sulskis, Sarunas"]
[Black "Sakalauskas, Vaidas"]
[Result "1-0"]
[WhiteElo "2430"]
[BlackElo "2380"]

1.e4 c5 2.Nf3 Nc6 3.d4 cxd4 4.Nxd4 Nf6 5.Nc3 d6 6.Bg5 e6 7.Qd2 a6 8.O-O-O h6
9.Be3 Qc7 10.f3 Bd7 11.g4 b5 12.h4 Nxd4 13.Bxd4 b4 14.Nb1 a5 15.b3 Be7 16.Bc4 e5
17.Bb2 Be6 18.Bxe6 fxe6 19.Qe2 Rc8 20.Rh2 Nd7 21.f4 exf4 22.Bxg7 Rh7 23.Bb2 f3
24.Qxf3 Bxh4 25.Rf1 Be7 26.Kd1 Nc5 27.g5 Bxg5 28.Qh5+ Kd8 29.Qxg5+  1-0

[Event "Volgograd"]
[Site "Volgograd"]
[Date "1994.??.??"]
[Round "2"]
[White "Kholmov, Ratmir D"]
[Black "Volzhin, Alexander"]
[Result "1/2-1/2"]
[WhiteElo "2450"]
[BlackElo "2410"]

1.e4 c5 2.Nf3 d6 3.d4 cxd4 4.Nxd4 Nf6 5.Nc3 Nc6 6.Bg5 e6 7.Qd2 a6 8.O-O-O h6
9.Bf4 Bd7 10.Nxc6 Bxc6 11.f3 d5 12.Qe1 Bb4 13.a3 Ba5 14.exd5 Nxd5 15.b4 Nxf4
16.Rxd8+ Bxd8 17.Ne4 O-O 18.g3 Nd5 19.Bd3 b5 20.Kb2 Be7  1/2-1/2

[Event "Volgograd"]
[Site "Volgograd"]
[Date "1994.??.??"]
[Round "4"]
[White "Shtyrenkov, Veniamen"]
[Black "Shmuter, Leonid"]
[Result "0-1"]
[WhiteElo "2445"]
[BlackElo "2460"]

1.e4 c5 2.Nf3 d6 3.d4 cxd4 4.Nxd4 Nf6 5.Nc3 Nc6 6.Bg5 e6 7.Bb5 Bd7 8.Bxc6 bxc6
9.Qf3 Qa5 10.Bxf6 gxf6 11.Qxf6 Rg8 12.Qf3 Rb8 13.Nb3 Qg5 14.O-O Qg4 15.Qxg4 Rxg4
16.f3 Rg8 17.Nd1 c5 18.Nd2 Bg7 19.Rb1 a5 20.b3 a4 21.Nc4 Bd4+ 22.Kh1 Ke7
23.Nde3 f5 24.Rbe1 f4 25.Nd1 Bb5 26.c3 Bxc4 27.bxc4 Be5 28.Re2 a3 29.Rc2 Rb1
30.Kg1 Rgb8 31.Kf2 Ra1 32.Ke2 Rbb1 33.Re1 Kd7 34.Kd2 Kc6 35.Ke2 Kc7 36.Kd2 Kc6
37.Ke2 Kc7 38.Kd2 Kb6 39.Rf1 Ka5 40.Re1 h6 41.Ke2 Rc1 42.Rxc1 Rxc1 43.Kd2 Ra1
44.g3 Rxa2+  0-1

[Event "Wattens op"]
[Site "Wattens"]
[Date "1994.??.??"]
[Round "3"]
[White "Kuporosov, Viktor"]
[Black "Tomescu, Vlad"]
[Result "1/2-1/2"]
[WhiteElo "2510"]
[BlackElo "2355"]

1.e4 c5 2.Nf3 Nc6 3.d4 cxd4 4.Nxd4 Nf6 5.Nc3 d6 6.Bg5 e6 7.Qd2 a6 8.O-O-O Bd7
9.f4 h6 10.Bh4 g5 11.fxg5 Ng4 12.Be2 Nge5 13.Nxc6 Bxc6 14.Kb1  1/2-1/2

[Event "Wattens op"]
[Site "Wattens"]
[Date "1994.??.??"]
[Round "7"]
[White "Tomescu, Vlad"]
[Black "Mednis, Edmar John"]
[Result "1-0"]
[WhiteElo "2355"]
[BlackElo "2420"]

1.e4 c5 2.Nf3 Nc6 3.d4 cxd4 4.Nxd4 Nf6 5.Nc3 d6 6.Bg5 e6 7.Qd2 a6 8.O-O-O Bd7
9.f4 b5 10.Bxf6 gxf6 11.Nxc6 Bxc6 12.Qe1 Be7 13.Bd3 Qb6 14.Kb1 Qc5 15.Rf1 Kd7
16.g4 h5 17.g5 fxg5 18.fxg5 Qxg5 19.e5 d5 20.Rxf7 Ke8 21.Qf2 Qh4 22.Qb6 Kxf7
23.Qxc6 Qg4 24.h3 Qxh3 25.Nxd5 Qf3 26.Rf1 Qxf1+ 27.Bxf1 exd5 28.Qxd5+ Kg7
29.Qe6 Rae8 30.Qxa6 h4 31.Qxb5 Ref8 32.a4 h3 33.Bxh3 Rxh3 34.Qd7 Rh1+ 35.Ka2 Rf7
36.e6  1-0

[Event "Wattens op"]
[Site "Wattens"]
[Date "1994.??.??"]
[Round "9"]
[White "Thielen, Dankward"]
[Black "Mednis, Edmar John"]
[Result "0-1"]
[WhiteElo "1990"]
[BlackElo "2420"]

1.e4 c5 2.Nf3 Nc6 3.d4 cxd4 4.Nxd4 Nf6 5.Nc3 d6 6.Bg5 e6 7.Qd2 a6 8.O-O-O Bd7
9.f4 b5 10.Nxc6 Bxc6 11.Bd3 Be7 12.Rhe1 O-O 13.e5 dxe5 14.fxe5 Nd5 15.Bxe7 Qxe7
16.Kb1 Nxc3+ 17.Qxc3 Rac8 18.Qd4 Rfd8 19.Qf4 Bd5 20.Re3 Bc4 21.Rf1 Bxd3 22.Rxd3 Rxd3
23.cxd3 Qd7 24.d4 h6 25.Rf3 Rc4 26.Rd3 Qc6 27.b3 Rc2 28.d5 exd5 29.Rf3 Qc7
30.Rg3 Rc3 31.Rg4 Rc6 32.Qe3 Re6  0-1

[Event "Wiesbaden op"]
[Site "Wiesbaden"]
[Date "1994.??.??"]
[Round "4"]
[White "Lampe, Dirk"]
[Black "Sher, Miron N"]
[Result "0-1"]
[WhiteElo "2250"]
[BlackElo "2520"]

1.e4 c5 2.Nf3 d6 3.d4 cxd4 4.Nxd4 Nf6 5.Nc3 Nc6 6.Bg5 e6 7.Qd2 a6 8.O-O-O h6
9.Be3 Be7 10.f4 Nxd4 11.Bxd4 b5 12.Bd3 Bb7 13.Qe3 O-O 14.Kb1 Qc7 15.Rhf1 Rac8
16.Qg3 Rcd8 17.e5 dxe5 18.Bxe5 Qc6 19.Rd2 b4 20.Ne4 Ne8 21.Qe3 f5 22.Ng3 Nf6
23.Bxf6 Bxf6 24.Nh5 Bd4 25.Qg3 Kh7 26.Qh4 Rd7 27.g4 g6 28.Rfd1 Rc7 29.Ng3 Bg7
30.Ne2 Qf3 31.Rg1 Qe3 32.Qe1 a5 33.Rg3 Qc5 34.h4 Be4 35.h5 gxh5 36.gxh5 e5
37.Bxe4 fxe4 38.Nc1 exf4 39.Qxe4+ Qf5 40.Qxf5+ Rxf5 41.Rf3 Rxh5 42.a4 Rh1
43.Rdf2 Re7 44.Rf1 Re1 45.Rxh1 Rxh1 46.c4 bxc3 47.bxc3 Kg6 48.Kc2 Kf5 49.Nd3 Rh2+
50.Nf2 Rg2  0-1

[Event "Wiesbaden op"]
[Site "Wiesbaden"]
[Date "1994.??.??"]
[Round "8"]
[White "Christ, Ralf"]
[Black "Schnitzspan, Lothar"]
[Result "1/2-1/2"]
[WhiteElo "2250"]
[BlackElo "2305"]

1.e4 c5 2.Nf3 d6 3.d4 cxd4 4.Nxd4 Nf6 5.Nc3 Nc6 6.Bg5 e6 7.Qd2 a6 8.O-O-O Bd7
9.Be2 b5 10.Nxc6 Bxc6 11.Qe3 Be7 12.e5 Nd5 13.Nxd5 Bxd5 14.Bxe7 Qxe7 15.exd6 Qxd6
16.Rxd5 Qxd5 17.Bf3 Qxa2 18.Qc5 f5 19.Bxa8 Kf7 20.Qa7+ Kg6 21.g4 Rd8 22.gxf5+ Kf6
23.c3 Qa1+ 24.Kc2 Qa4+ 25.Kc1  1/2-1/2

[Event "Wuerzburg op"]
[Site "Wuerzburg"]
[Date "1994.??.??"]
[Round "5"]
[White "Kveinys, Aloyzas"]
[Black "Kalinin, Alexander"]
[Result "1-0"]
[WhiteElo "2520"]
[BlackElo "2375"]

1.e4 c5 2.Nf3 d6 3.d4 cxd4 4.Nxd4 Nf6 5.Nc3 Nc6 6.Bg5 e6 7.Qd2 Be7 8.O-O-O O-O
9.Nb3 Qb6 10.f3 Rd8 11.Be3 Qc7 12.Qf2 d5 13.exd5 Nxd5 14.Nxd5 Rxd5 15.Rxd5 exd5
16.Bb5 Ne5 17.Bxa7 Nc4 18.Bd4 Rxa2 19.Kb1 Ra8 20.Qg3 Qxg3 21.hxg3 Be6 22.Re1 Bb4
23.Re2 h5 24.Bf2 Bc3 25.Bxc4 dxc4 26.Nc5 Bf6 27.Nxe6 fxe6 28.Rxe6 c3 29.b4 Rd8
30.Be1 Rd1+ 31.Ka2 b5 32.Re3 Rc1 33.Re2 Rd1 34.g4 hxg4 35.fxg4 Kf7 36.g5 Bd4
37.g4 Kg6 38.Re6+ Kf7 39.Re4 Kg6 40.Bh4 Rd2 41.Kb3 Rd1 42.Re6+ Kf7 43.Re1 Rd2
44.Bg3 Kg6 45.Bf4 Rg2 46.Re6+ Kf7 47.Re4 Bg1 48.Be5 Kg6 49.Bxc3 Kxg5 50.Re5+ Kxg4
51.Rxb5 g5 52.Rd5 Kf3 53.b5 Ke4 54.Re5+ Kf4 55.Re6 Kf3 56.Rf6+ Ke4 57.b6  1-0

[Event "ARM-ch"]
[Site "Yerevan"]
[Date "1994.??.??"]
[Round "?"]
[White "Mnatsakanian, Eduard A"]
[Black "Yegiazarian, Arsen"]
[Result "1/2-1/2"]
[WhiteElo "2390"]
[BlackElo "2400"]

1.e4 c5 2.Nf3 Nc6 3.d4 cxd4 4.Nxd4 Nf6 5.Nc3 d6 6.Bg5 e6 7.Qd2 Be7 8.O-O-O O-O
9.Nb3 Qb6 10.f3 Rd8 11.Be3 Qc7 12.Qf2 d5 13.exd5 Nxd5 14.Nxd5 Rxd5 15.Rxd5 exd5
16.g4 Bf6 17.Kb1 Be6 18.Nd4 Nxd4 19.Bxd4 Qf4 20.Bxf6 Qxf6 21.Qg3 d4 22.Bd3 Bd5
23.Rf1 Re8 24.g5 Qe6 25.b3 g6 26.Qh4 Qe3 27.f4 Bg2 28.Rc1 Bh3 29.Qg3 Qxg3
30.hxg3 Re3 31.Rg1 Kg7 32.Kc1 f6 33.gxf6+ Kxf6 34.Kd2 Bf5 35.Be2 Bxc2 36.Rc1 Be4
37.g4 Rg3 38.Rc5 h6 39.Rc4 Rg2 40.Ke1 d3 41.Bd1 Bc6 42.Rd4 Rxa2 43.Rxd3 Rh2
44.Rd6+ Kg7 45.Be2 Rh3 46.Bd3 Be4 47.Bc4 h5 48.Rd7+ Kf8 49.f5 gxf5 50.gxf5 Ke8
51.Be6 Rf3 52.Ke2 Bxf5 53.Kxf3 Bxe6 54.Rd3 h4 55.b4 h3 56.Kg3 Bd7 57.Rd2 Kd8
58.Rc2 b6  1/2-1/2

[Event "ARM-ch"]
[Site "Yerevan"]
[Date "1994.??.??"]
[Round "?"]
[White "Minasian, Artashes"]
[Black "Minasian, Artashes"]
[Result "1-0"]
[WhiteElo "2545"]
[BlackElo "2270"]

1.e4 c5 2.Nc3 d6 3.Nge2 Nc6 4.d4 cxd4 5.Nxd4 Nf6 6.Bg5 e6 7.Qd2 Be7 8.O-O-O O-O
9.f4 Nxd4 10.Qxd4 Qa5 11.Bc4 Bd7 12.e5 dxe5 13.fxe5 Bc6 14.Bd3 Nd5 15.Bxe7 Nxe7
16.Rde1 Ng6 17.h4 Rad8 18.Qe3 Qb6 19.Qxb6 axb6 20.Rh2 Nf4 21.Bf1 Rd4 22.g3 Ng6
23.Rf2 Ra8 24.Bd3 Ra5 25.Bxg6 hxg6 26.Rd2 Rxd2 27.Kxd2 Kf8 28.b4 Ra8 29.b5 Bd5
30.a4 Ke7 31.Re3 Rc8 32.Nxd5+ exd5 33.Rc3 Ra8 34.Rc7+ Ke6 35.Rxb7 Rxa4 36.Rxb6+ Kxe5
37.Rb7 Kf6 38.b6 Rb4 39.Kc3 Rb5 40.Rb8 Kf5 41.Rb7 Kg4 42.Rxf7 Rxb6 43.Rxg7 Rc6+
44.Kd3 Kf5 45.Rg8 Rc4 46.Rd8 Ke6 47.Re8+ Kf5 48.Re3 Rg4 49.Ke2 Rc4 50.Kd3 Rg4
51.Rf3+ Ke5 52.Kd2 Rd4+ 53.Rd3 Rc4 54.Rc3 Ra4 55.Ke2 Ra6 56.Kf3 Rd6 57.Rc5 Kd4
58.Rc8 Ke5 59.Kg4 Kf6 60.Kf4 Re6 61.Rc5 Re2 62.Rc6+ Kg7  1-0

[Event "Zalakaros op"]
[Site "Zalakaros"]
[Date "1994.??.??"]
[Round "3"]
[White "Groszpeter, Attila"]
[Black "Banas, Jan"]
[Result "1-0"]
[WhiteElo "2525"]
[BlackElo "2390"]

1.e4 c5 2.Nf3 d6 3.d4 cxd4 4.Nxd4 Nf6 5.Nc3 Nc6 6.Bg5 e6 7.Qd2 a6 8.O-O-O Bd7
9.f4 h6 10.Bh4 Rc8 11.Nf3 Be7 12.Bxf6 gxf6 13.Kb1 b5 14.f5 Qb6 15.g3 b4 16.Ne2 e5
17.Nc1 a5 18.Qd5 Nd8 19.Bc4 Bc6 20.Qd3 Nb7 21.Nd2 Nc5 22.Qe3 Qb7 23.Ncb3 Nxb3
24.Qxb3 a4 25.Bxf7+ Kf8 26.Qc4 Bb5 27.Bd5 Rxc4 28.Bxb7 Rc7 29.Bd5 Kg7 30.Rhe1 Rb8
31.Re3 Bd8 32.b3 Rc3 33.Rxc3 bxc3 34.Nc4 Bxc4 35.Bxc4 Bb6 36.Rxd6 h5 37.Bd5 Bd4
38.Rd7+ Kh6 39.Rf7 Kg5 40.Rg7+ Kh6 41.Rg6+ Kh7 42.Rxf6 Bg1 43.h3 Bf2 44.g4  1-0

[Event "Zalakaros op"]
[Site "Zalakaros"]
[Date "1994.??.??"]
[Round "4"]
[White "Chernyshov, Konstantin"]
[Black "Csom, Istvan"]
[Result "0-1"]
[WhiteElo "2480"]
[BlackElo "2410"]

1.e4 c5 2.Nf3 d6 3.d4 cxd4 4.Nxd4 Nf6 5.Nc3 Nc6 6.Bg5 e6 7.Qd2 a6 8.O-O-O h6
9.Bf4 Bd7 10.Nxc6 Bxc6 11.Qe3 Qc7 12.Be2 Nd7 13.Rhe1 O-O-O 14.Bg4 g5 15.Bg3 h5
16.Qd4 Ne5 17.Bxe5 dxe5 18.Qa7 Be7 19.Rxd8+ Bxd8 20.Be2 Qb6 21.Qxb6 Bxb6
22.Rf1 Kd7 23.Bd3 Ke7 24.Nd1 f5 25.Re1 Kf6 26.c3 g4 27.Kc2 Rg8 28.b3 h4 29.Kd2 Rd8
30.Kc2 f4 31.Rf1 Rf8 32.Kd2 g3 33.fxg3 hxg3 34.h3 Rd8 35.Ke2 Be8 36.Kd2 Bh5
37.Nb2 Bf2 38.Nd1  0-1

[Event "Zalakaros op"]
[Site "Zalakaros"]
[Date "1994.??.??"]
[Round "7"]
[White "Groszpeter, Attila"]
[Black "Gyorkos, Lajos"]
[Result "0-1"]
[WhiteElo "2525"]
[BlackElo "2395"]

1.e4 c5 2.Nf3 Nc6 3.d4 cxd4 4.Nxd4 Nf6 5.Nc3 d6 6.Bg5 Bd7 7.Qd2 Rc8 8.f4 Nxd4
9.Qxd4 Qa5 10.e5 dxe5 11.fxe5 e6 12.O-O-O Bc6 13.Nb5 Bxb5 14.exf6 Bc6 15.h4 g6
16.Bc4 Bc5 17.Qg4 h5 18.Qg3 O-O 19.Bxe6 Be4 20.Bd2 Bd6 21.Qb3 Bxc2 22.Bxc8 Bxb3
23.Bxa5 Rxc8+ 24.Bc3 Bf4+ 25.Kb1 Bxd1 26.Rxd1 Bg3 27.Rd7 Rc7 28.Rd8+ Kh7
29.Rd4 Be5 30.Re4 Bxc3 31.bxc3 Rc6 32.Re7 Rxf6 33.Rxb7 a6 34.Kb2 Kg7 35.Kb3 Rf4
36.g3 Rg4 37.Ra7 Rxg3 38.Rxa6 Rg4 39.a4 Rxh4 40.a5 g5 41.Rd6 g4 42.Rd1 g3
43.a6 Re4 44.Rh1 Kg6 45.Rh3 h4 46.a7 Re8 47.Rxh4 f5 48.Ra4 Ra8 49.Ra1 f4
50.Kc2 g2 51.Kd3 Kf5 52.Ke2 Rxa7 53.Rb1 Kg4  0-1

[Event "Ibercaja op"]
[Site "Zaragoza"]
[Date "1994.??.??"]
[Round "2"]
[White "Vehi Bach, Victor Manuel"]
[Black "Bernal Moro, Luis Javier"]
[Result "1/2-1/2"]
[WhiteElo "2420"]
[BlackElo "2390"]

1.e4 c5 2.Nf3 d6 3.d4 cxd4 4.Nxd4 Nf6 5.Nc3 Nc6 6.Bg5 e6 7.Bb5 Bd7 8.Bxc6 Bxc6
9.Nxc6 bxc6 10.Qf3 Be7 11.e5 Nd5 12.Bxe7 Qxe7 13.exd6 Qxd6 14.O-O O-O 15.Ne4 Qe5
16.c4 Ne7 17.b3 Nf5 18.Rfe1 Nd4 19.Qc3 Rfd8 20.Rac1 c5 21.Qa5 Qf4 22.Ng3 Qd6
23.Ne4  1/2-1/2

[Event "Ibercaja op"]
[Site "Zaragoza"]
[Date "1994.??.??"]
[Round "3"]
[White "Magem Badals, Jorge"]
[Black "Colas, Rafael P"]
[Result "1-0"]
[WhiteElo "2505"]
[BlackElo "2305"]

1.e4 c5 2.Nf3 Nc6 3.d4 cxd4 4.Nxd4 Nf6 5.Nc3 d6 6.Bg5 Bd7 7.Be2 Qa5 8.Bxf6 gxf6
9.O-O Nxd4 10.Qxd4 Rc8 11.a4 Qc5 12.Qd2 e6 13.Bb5 a6 14.Bxd7+ Kxd7 15.a5 Rc6
16.Na4 Qe5 17.Rfe1 Rg8 18.c4 Kc7 19.Nb6 f5 20.exf5 Qxf5 21.b4 Bg7 22.Ra3 Be5
23.g3 Rg4 24.Rd3 Bf4 25.Qd1 h5 26.Rf3 h4 27.Kh1 hxg3 28.fxg3 Rxg3 29.hxg3 d5
30.Kg2 e5 31.Qxd5 Rg6 32.Qc5+ Kb8 33.Qf8+ Kc7 34.Qc8+  1-0

[Event "London SCCU op"]
[Site "London"]
[Date "1995.08.??"]
[Round "1"]
[White "Wood, David A"]
[Black "Gufeld, Eduard"]
[Result "1-0"]
[WhiteElo "2285"]
[BlackElo "2440"]

1.e4 c5 2.Nf3 d6 3.d4 cxd4 4.Nxd4 Nf6 5.Nc3 Nc6 6.Bg5 e6 7.Qd2 Be7 8.O-O-O O-O
9.Nb3 a6 10.Bxf6 gxf6 11.Qh6 Kh8 12.Qh5 Qe8 13.f4 Rg8 14.g4 b5 15.Bd3 Nb4
16.Be2 Bd7 17.h4 Rc8 18.Rd2 Rc7 19.Kb1 Qc8 20.a3 Nc6 21.Bd3 Rg7 22.g5 Qg8
23.Qf3 b4 24.axb4 Nxb4 25.Ne2 Nxd3 26.Qxd3 Bb5 27.Qe3 f5 28.Ned4 Bc4 29.Rhd1 fxe4
30.Qxe4 f5 31.Qe3 Bf8 32.Na5 Rge7 33.Nxc4 Rxc4 34.Qb3 d5 35.h5 Bg7 36.Qe3 Qb8
37.h6 Bf8 38.Qd3 Kg8 39.c3 Rc8 40.Re1 Rc4 41.Qg3 Qb6 42.Rg2 Kh8 43.g6 Bxh6
44.Qh4 Bf8 45.Rxe6 Qc7 46.g7+ Bxg7 47.Rxg7 Kxg7 48.Nxf5+ Kf8 49.Qf6+  1-0